Con người mới làm chủ tập thể /

Shranjeno v:
Bibliografske podrobnosti
Glavni avtor: Đỗ Huy.
Drugi avtorji: Trần Côn.
Format: Bài viết
Jezik:Vietnamese
Teme:
Oznake: Označite
Brez oznak, prvi označite!
Thư viện lưu trữ: Thư viện Trường Đại học Đà Lạt
LEADER 00701nam a2200253 4500
001 DLU090100376
005 ##20091202
040 # # |a DLU  |b vie 
041 # # |a vie 
044 # # |a vn 
100 # # |a Đỗ Huy. 
245 # # |a Con người mới làm chủ tập thể /  |c Đỗ Huy, Trần Côn. 
653 # # |a Con người mới 
700 # # |a Trần Côn. 
773 # # |t Văn hoá Nghệ thuật  |g Số 12, 1981, tr. 12-13 
920 # # |a Phòng Tạp chí -- Trung tâm Thông tin - Thư viện Trường Đại học Đà Lạt 
994 # # |a DLU 
900 # # |a True 
911 # # |a Đào Thị Thu Huyền 
925 # # |a G 
926 # # |a A 
927 # # |a BB 
980 # # |a Thư viện Trường Đại học Đà Lạt